Normal view
MARC view
- تأليف: السيف، محمد بن إبراهيم ؛ تقديم: مدير مركز ابحاث مكافحة الجريمة بوزارة الداخلية
Entry Personal Name
001 - CONTROL NUMBER
- control field: 19763
003 - CONTROL NUMBER IDENTIFIER
- control field: JO-AjAnu
005 - DATE AND TIME OF LATEST TRANSACTION
- control field: 20230606073440.0
008 - FIXED-LENGTH DATA ELEMENTS
- fixed length control field: 230606|| aca||aabn | a|a d
040 ## - CATALOGING SOURCE
- Original cataloging agency: JO-AjAnu
- Transcribing agency: JO-AjAnu
100 ## - HEADING--PERSONAL NAME
- Personal name: تأليف: السيف، محمد بن إبراهيم ؛ تقديم: مدير مركز ابحاث مكافحة الجريمة بوزارة الداخلية
670 ## - SOURCE DATA FOUND
- Source citation: Work cat.: (JO-AjAnu)10147: تأليف: السيف، محمد بن إبراهيم ؛ تقديم: مدير مركز ابحاث مكافحة الجريمة بوزارة الداخلية, author, منهج في علم اجتماع الانحراف و علم الاجتماع الجنائي :الظاهرة الأجرامية في ثقافة و بناء المجتمع السعودي بين التصور الإجتماعي و حقائق الاتجاه الإسلامي